000 00623nam a2200253Ia 4500
003 OSt
005 20220912153105.0
006 a|||||r|||| 00| 0
007 ta
008 220909b |||||||| |||| 00| 0 eng d
024 _a21959
037 _cTextual
040 _aCSL
_beng
_cCSL
041 _aeng
082 _aB313, K63
100 _aFrolik Zdenek Ed.
245 0 _aTopological spaces
260 _c1966
300 _ap.
_ccm.
700 _a Cech
700 _a Katetov Miroslav Ed.
942 _hB313, K63
_cTEXL
_2CC
999 _c97831
_d97831